[Event "Boeing Swiss"]
[Site "?"]
[Date "1972.03.14"]
[Round "3"]
[White "Bailey, B."]
[Black "Holland, B."]
[Result "1-0"]
[WhiteElo "1935"]
[BlackElo "1753"]
[Annotator "Stockfish 13 (15s)"]
[PlyCount "75"]
[EventDate "1972.??.??"]

{B72: Sicilian Dragon: 6 Be3, lines with h3+Bc4 and sidelines} 1. e4 c5 2. Nf3
Nc6 3. d4 cxd4 4. Nxd4 d6 5. Nc3 Nf6 6. Be2 g6 7. Be3 Bg7 8. Qd2 Ne5 (8... Nxd4
9. Bxd4 O-O 10. h4 h5 11. f3 Qc7 12. O-O-O a5 13. Rdg1 Rd8 14. Qe3 Re8 15. Bb6
Qb8 16. Nb5 Be6 17. Nc7 Bxa2 18. Nxa8 Qxa8 19. Qa3 Be6 20. Kb1 a4 21. Bd3 Bd7
22. Rh2 Bc6 23. g3 {Elkuch,H-Keen,E (2205) Manila 1992 1-0 (48)}) 9. f3 $146 (
9. h3 a6 10. f4 Nc6 11. O-O-O Nd7 12. g4 Qa5 13. a3 {
1/2-1/2 (13) Voet,W-Van Dam,J Alkmaar 1993}) (9. h3 O-O 10. O-O-O Nc6 $18) 9...
Bd7 (9... O-O 10. O-O-O $16) 10. g4 (10. O-O-O O-O $16) 10... O-O $16 11. O-O-O
Qc8 $2 (11... b5 12. Ndxb5 Bxb5 13. Nxb5 Rb8 $16) 12. Bh6 $18 Rd8 $2 (12...
Bxh6 $142 13. Qxh6 Qd8 $18) 13. h4 Ne8 (13... Bxh6 14. Qxh6 Kh8 $18) 14. h5 (
14. Nd5 $142 Qc5 15. Bxg7 Nxg7 $18) 14... Bh8 (14... g5 15. Bxg7 Nxg7 16. Nd5
$18) 15. hxg6 (15. Nd5 $5 Bf6 16. g5 Bc6 17. gxf6 Bxd5 18. fxe7 Bxa2 19. hxg6
fxg6 $18) 15... fxg6 (15... Nxg6 16. Be3 e6 17. Bd3 $18) 16. Bg5 (16. Nd5 $142
Bf6 17. g5 Nc7 18. gxf6 Nxd5 19. exd5 exf6 $18) 16... Nf6 (16... e6 17. Bxd8
Qxd8 18. f4 $18) 17. Bxf6 exf6 (17... Bxf6 18. Qh6 Bg7 19. Qh4 $18) 18. Qh6 (
18. Nd5 $5 Re8 19. Nf5 Bxf5 20. gxf5 Bg7 $18) 18... Kf7 (18... Bg7 19. Qh4 h6
20. Nd5 $18) 19. Qxh7+ (19. Qd2 $142 Bg7 20. Rxh7 Rh8 $18) 19... Bg7 20. Qh2
Rh8 21. Qf2 (21. Qg3 $142 Rxh1 22. Rxh1 $18) 21... Rxh1 22. Rxh1 Qc7 (22... Qc5
23. Rd1 Nc6 24. Na4 $18) 23. Ndb5 (23. Nd5 $142 Qa5 24. Kb1 Rh8 $18) 23... Qc5
24. Qxc5 dxc5 25. Nd6+ Ke6 (25... Kg8 26. Nxb7 Bf8 $18) 26. Nxb7 Rc8 (26... Rh8
27. Rxh8 Bxh8 28. Nxc5+ Kd6 29. Nxd7 Kxd7 30. f4 $18) 27. f4 Nf7 (27... f5 28.
gxf5+ gxf5 29. Rh5 $18) 28. Bc4+ (28. Rh7 $5 Rg8 29. Bc4+ Ke7 30. Nd5+ Kf8 31.
Nxf6 Bc6 32. Nxg8 Kxg8 33. Rxg7+ Kxg7 34. Bxf7 Bxb7 $18) 28... Ke7 29. Rh7 Kf8
30. Bxf7 Kxf7 31. Nd6+ {White intends f5} Kf8 (31... Kg8 32. Rxg7+ $1 Kxg7 33.
Nxc8 Bxc8 34. f5 $18) 32. Nxc8 Bxc8 33. f5 gxf5 (33... Bd7 34. Nd5 $18) 34.
gxf5 Kg8 35. Rxg7+ $1 Kxg7 36. Kd2 c4 37. Nd5 Bb7 38. Kc3 1-0

[Event "Boeing Swiss"]
[Site "?"]
[Date "1972.03.28"]
[Round "4"]
[White "Lassen, M."]
[Black "Bailey, B."]
[Result "0-1"]
[WhiteElo "1817"]
[BlackElo "1968"]
[Annotator "Stockfish 13 (15s)"]
[PlyCount "66"]
[EventDate "1972.??.??"]

{D20: Queen's Gambit Accepted: 3 e3 and 3 e4} 1. d4 d5 2. c4 dxc4 3. Nc3 e5 4.
Nf3 exd4 5. Nxd4 c5 6. Qa4+ (6. Ndb5 a6 7. Qxd8+ Kxd8 8. Na3 b5 9. Nc2 Bb7 10.
e4 Nd7 11. Bf4 Ngf6 12. f3 Nb6 13. O-O-O+ Kc8 14. Ne3 Nh5 15. Bg5 Bc6 16. Nf5
g6 17. Ne7+ Kc7 18. Nxc6 Kxc6 19. e5 Re8 20. g4 h6 {
Orel,O (2320)-Fochtler,E (2260) Eger 1992 1-0 (32)}) 6... Bd7 7. Ndb5 a6 8. Bf4
Nf6 $146 (8... Be7 9. Nc7+ Qxc7 10. Bxc7 Bxa4 11. Nxa4 Nd7 12. Nb6 Nxb6 13.
Bxb6 Nf6 14. O-O-O Nd7 15. Ba5 b6 16. Bd2 Rd8 17. g3 O-O 18. Bg2 Nf6 19. Bf4 b5
20. h3 b4 21. Bb7 a5 22. Bc7 Rb8 23. Bxb8 {
Samelius,C-Kmoch,H Rotterdam 1940 1-0 (38)}) (8... Bc6 9. Nc7+ Qxc7 10. Bxc7
Bxa4 11. Nxa4 Nd7 12. Nb6 Nxb6 13. Bxb6 h5 14. Ba5 Rh6 15. a4 Rb8 16. Bd2 Re6
17. g3 g6 18. Bh3 f5 19. O-O-O b5 20. Bg2 Nf6 21. Bf4 Rd8 22. e3 Ne4 23. Rxd8+
{Van Vliet,G-Kuipers,S (2160) Dieren 2006 0-1 (41)}) (8... g5 9. Be5 f6 10. Bg3
h5 11. h3 f5 12. Be5 Rh6 13. O-O-O Re6 14. f4 gxf4 15. Bxf4 Bh6 16. e3 Bxf4 17.
exf4 Qc8 18. Qa3 axb5 19. Qxa8 Ra6 20. Qxa6 bxa6 21. Be2 h4 22. Rhe1 Kf8 23.
Rd2 {Da Cruz,A-Silva,I (1785) Brazil 2003 0-1}) 9. Rd1 $4 (9. Qa3 $142 axb5 10.
Qxa8 $18) 9... Be7 $11 10. Rxd7 Nbxd7 11. Nc7+ Kf8 12. Nxa8 (12. Qxc4 $4 b5 13.
Qd3 c4 $19) 12... Qxa8 13. Qxc4 b5 14. Qd3 c4 15. Qf3 Qxf3 16. exf3 (16. gxf3
Bb4 $11) 16... Nb6 (16... Bb4 17. Kd1 $17) 17. Be2 Nfd5 18. Nxd5 Nxd5 19. Bd2 (
19. Be3 f5 20. Kd1 Kf7 $17) 19... Bf6 (19... Bb4 $142 $17) 20. Bc1 $2 (20. b3
$142 c3 21. Be3 $17) 20... Ke7 $19 21. O-O (21. a3 Rd8 $19) 21... Rd8 22. f4 (
22. Re1 Kd6 23. a3 $19) 22... Nb4 23. a3 (23. Be3 Ke8 24. a4 Nd3 (24... Bxb2 $6
25. axb5 axb5 26. Rb1 $17) 25. axb5 axb5 $19) 23... Nd3 24. Bxd3 Rxd3 (24...
cxd3 $6 25. Rd1 Ke6 26. g4 $19) 25. g4 Rb3 26. Re1+ Kd7 27. Re3 (27. Re2 Rd3
28. Re1 $19) 27... Bxb2 28. Rxb3 Bxc1 29. Rb1 (29. Rc3 Bb2 30. Rc2 Bxa3 $19)
29... Bxa3 30. Kf1 (30. Rd1+ Kc6 $19) 30... c3 31. Rd1+ Kc6 32. Rd3 (32. Rd8
Kc7 33. Rd3 b4 $19) 32... b4 33. Ke2 (33. Rd8 Kb5 34. Rc8 $19) 33... c2 (33...
c2 34. Rd8 c1=Q 35. Rc8+ Kb5 36. Rxc1 Bxc1 $19) 0-1

[Event "Boeing Swiss"]
[Site "?"]
[Date "1972.04.18"]
[Round "5"]
[White "Bailey, B."]
[Black "Pitt, A."]
[Result "1/2-1/2"]
[WhiteElo "1968"]
[BlackElo "1986"]
[Annotator "Stockfish 13 (15s)"]
[PlyCount "91"]
[EventDate "1972.??.??"]

{B18: Classical Caro-Kann: 4...Bf5 sidelines} 1. e4 c6 2. d4 d5 3. Nc3 dxe4 4.
Nxe4 Bf5 5. Ng3 Bg6 6. Nf3 e6 7. Bf4 Nf6 8. Be2 (8. c3 Nbd7 9. Be2 Nd5 10. Bg5
N7f6 11. Ne5 Be7 12. Nxg6 hxg6 13. Qc2 Qc7 14. h3 O-O-O 15. O-O-O Qa5 16. Qb3
Nxc3 17. bxc3 Qxg5+ 18. Kc2 Bd6 19. Rd3 Nd5 20. Ne4 Qe7 21. Nxd6+ Qxd6 22. Rdd1
Rhe8 {De Miguel Fernandez,B-Abad Pereda,J Asturias 2000 0-1 (51)}) 8... Nd5
$146 (8... Bd6 9. Bxd6 Qxd6 10. Ne5 Nbd7 11. Nxg6 hxg6 12. Qd3 Rh4 13. c3 O-O-O
14. O-O-O Rdh8 15. h3 Qd5 16. c4 Qa5 17. Kb1 e5 18. dxe5 Nxe5 19. Qb3 Qc5 20.
Rhf1 Nxc4 21. Qc2 Qb4 22. Ka1 Ne5 23. Qc1 {
Krist,S-Wisniewski,T Stetten 1988 1-0 (38)}) 9. Bxb8 (9. Bg5 Nf6 $11) 9... Rxb8
10. O-O Qb6 11. c4 Nf4 (11... Nf6 12. Bd3 $11) 12. b3 (12. Qd2 $5 Qc7 13. Ne5
Nxe2+ 14. Qxe2 $11) 12... Rd8 13. Re1 $4 (13. Qd2 $142 Qc7 14. Rad1 $15) 13...
Bb4 $19 14. Bf1 Bxe1 (14... O-O $5 15. Qc1 Bxe1 16. Qxe1 $19) 15. Qxe1 O-O $4 (
15... Qc7 $142 $19) 16. Qe5 $18 Nd3 $4 (16... Nd5 $142 17. cxd5 Rxd5 $18) 17.
Bxd3 Bxd3 (17... Rd7 18. Bxg6 hxg6 $18) 18. Nh5 (18. c5 $142 Qa5 19. b4 $18)
18... f6 $15 19. Qxe6+ Rf7 20. Nf4 Bg6 (20... Bc2 $142 21. Rc1 Bg6 $15) 21. g3
$2 (21. Nxg6 $142 hxg6 22. Qe4 $11) 21... Qc7 $19 22. Nh4 (22. Nxg6 hxg6 23. h4
Qd7 $19) 22... Rd6 (22... Qd7 $142 23. Rd1 Re8 24. Qxd7 Rxd7 25. Nfxg6 hxg6 $19
) 23. Qg4 $2 (23. Qe3 $142 Re7 24. Qd2 $17) 23... Rxd4 $19 24. Nhxg6 hxg6 25.
Re1 $2 (25. Qf3 Qe5 26. Nxg6 $19) 25... Re7 26. Rxe7 (26. Rb1 g5 27. Qe6+ Rxe6
28. Nxe6 Qd6 29. Nxd4 Qxd4 $19) 26... Qxe7 27. Qxg6 (27. Kf1 Qe8 $19) 27... Rd2
28. Qb1 (28. Kf1 Rxa2 29. Qf5 Ra1+ 30. Kg2 Re1 $19) 28... Qd7 (28... Qe5 $142
$5 29. Ng6 Rb2 30. Qc1 $19) 29. Qg6 Rxa2 (29... Qe7 30. Kf1 Rxa2 31. Qf5 Ra1+
32. Kg2 $19) 30. h4 (30. Qe4 Ra5 31. Ng6 $19) 30... Rb2 (30... Ra1+ $142 31.
Kg2 Re1 $19) 31. h5 $17 Qe7 32. Nd3 $4 (32. Kf1 $5 Qe5 33. Nd3 Rb1+ 34. Kg2 $17
) 32... Rb1+ (32... Rxb3 $142 33. h6 Rc3 34. Nf4 Rxc4 35. Ne6 $19) 33. Kg2 (33.
Kh2 Rxb3 34. h6 $19) 33... Qf7 $4 (33... Rxb3 34. h6 Rc3 35. Nf4 Rxc4 36. Ne6
$19) 34. Qg4 $4 (34. Qf5 Qe8 35. h6 gxh6 36. Qg4+ Kf7 $11) 34... Rxb3 $4 (34...
f5 $142 35. Qe2 Rxb3 $19) 35. Qc8+ $11 Qf8 36. Qe6+ Qf7 37. Qc8+ Qf8 38. Qe6+
Kh8 39. Nf4 Qd8 $4 (39... Kh7 40. Qd7 c5 41. h6 $11) 40. Ng6+ (40. h6 $142 c5
41. Nh5 gxh6 42. Qf7 $18) 40... Kh7 $11 41. Ne7 Rd3 42. Qf5+ Kh8 43. Ng6+ Kg8
44. Qe6+ Kh7 45. Qf7 Qg8 46. Nf8+ 1/2-1/2

[Event "Boeing Swiss"]
[Site "?"]
[Date "1972.05.02"]
[Round "6"]
[White "Ibrahim, S."]
[Black "Bailey, B."]
[Result "0-1"]
[WhiteElo "1789"]
[BlackElo "1968"]
[Annotator "Stockfish 13 (15s)"]
[PlyCount "50"]
[EventDate "1972.??.??"]

{A03: Bird's Opening with 1...d5} 1. f4 d5 2. e3 c5 3. b3 Nc6 4. Bb2 Nf6 5. Nf3
Bg4 6. Be2 e6 7. O-O Be7 8. a3 $146 (8. Qe1 Qc7 9. Qg3 O-O-O 10. Na3 a6 11.
Bxf6 Bxf3 12. Bxe7 Bxe2 13. Bxd8 Qxd8 14. Rf2 Qf6 15. Rb1 Bh5 16. c3 Bg6 17.
Rc1 Be4 18. d4 cxd4 19. cxd4 h5 20. h4 Rh6 21. Qg5 Kd7 22. Nb1 Ne7 {
D'Andre,B-Rousseau,E Paris 1867 1-0 (41)}) (8. d3 Qc7 (8... O-O 9. Nbd2 Qb6 10.
c4 Rad8 11. Ne1 Bxe2 12. Qxe2 Qc7 13. Nef3 d4 14. Ne1 dxe3 15. Qxe3 Nd4 16. h3
Bd6 17. Bxd4 cxd4 18. Qf3 e5 19. f5 Qc6 20. Qxc6 bxc6 21. Kf2 Rfe8 22. Kf3 Bb4
23. Ne4 {Weigelt,A (2057)-Konerding,K (1774) Osterburg 2005 1-0 (37)}) 9. h3
Bxf3 10. Bxf3 e5 11. c4 e4 12. dxe4 dxe4 13. Be2 Rd8 14. Qc1 O-O 15. a3 Rfe8
16. Nd2 Qd7 17. Bc3 a5 18. Qc2 Qf5 19. Bf3 Bf8 20. Bxf6 Qxf6 21. Nxe4 Qe7 22.
Rae1 g6 {Durao,J (2295)-Berrios Pagan,A (2250) Skopje 1972 1-0}) (8. Na3 O-O 9.
Qe1 Ne8 10. Rd1 Bf6 11. c3 a6 12. Nc2 Rc8 13. Ba3 Be7 14. Qg3 Bf5 15. d3 Qa5
16. c4 b5 17. Nh4 Bxh4 18. Qxh4 b4 19. Bb2 Qxa2 20. Rb1 Qxb3 21. Na1 Qa2 22. g4
dxc4 {Jacobs,H-Lee,F Scarborough 1909 0-1 (55)}) 8... Bxf3 (8... O-O 9. d3 $11)
9. Rxf3 (9. Bxf3 $5 O-O 10. d3 $11) 9... Qc7 10. Rg3 (10. Bb5 a6 11. Be5 Qc8
12. Bxc6+ Qxc6 $15 (12... bxc6 $143 13. d3 $16)) 10... Rg8 (10... O-O $142 $17)
11. c3 $2 (11. Bf3 $5 $15) 11... h6 (11... O-O-O 12. a4 Ne4 13. Rh3 $19) 12. d4
(12. b4 c4 13. d3 g5 14. dxc4 O-O-O $19) 12... Ne4 (12... g5 13. Nd2 O-O-O 14.
Rf3 $19) 13. Rf3 $2 (13. Rh3 $142 $5 O-O-O 14. Nd2 $17) 13... g5 $19 14. f5 $4
(14. b4 gxf4 15. bxc5 $19) 14... g4 15. Rf1 (15. Rf4 Bd6 16. Nd2 Bxf4 17. exf4
exf5 18. Nxe4 fxe4 19. dxc5 Qxf4 20. Qf1 $19) 15... h5 (15... Bd6 $142 16. Rf4
Bxf4 17. exf4 Qxf4 $19) 16. Nd2 Bd6 17. Nxe4 Bxh2+ 18. Kh1 dxe4 19. fxe6 $4 (
19. Qb1 $142 Qg3 20. Qe1 $19) 19... fxe6 $19 20. dxc5 (20. Bc4 Qe7 21. Kxh2
Qh4+ 22. Kg1 $19) 20... Bg3 21. Bc4 (21. c4 Rg6 22. Bf6 Rxf6 23. Rxf6 $19)
21... Qe7 22. Rf5 (22. Kg1 Qh4 23. Qd7+ Kxd7 24. Rf7+ Ke8 25. Kf1 Qh1+ 26. Ke2
Qxg2+ 27. Kd1 Qxb2 28. Bxe6 Rd8+ 29. Rd7 Rf8 30. Rxd8+ Kxd8 31. Bc4 Rf2 32. Be2
Qxe2+ 33. Kc1 Rf1#) 22... Qh4+ 23. Kg1 Qh2+ 24. Kf1 Qh1+ 25. Ke2 Qxg2+ (25...
Qxg2+ 26. Rf2 Qxf2#) 0-1

[Event "Tornado"]
[Site "?"]
[Date "1972.03.12"]
[Round "1"]
[White "Bailey, B."]
[Black "Spiegel, M."]
[Result "1-0"]
[WhiteElo "1859"]
[BlackElo "100"]
[Annotator "Stockfish 14 (15s)"]
[PlyCount "49"]
[EventDate "1972.??.??"]

{C66: Ruy Lopez: Steinitz Defence} 1. e4 e5 2. Nf3 Nc6 3. Bb5 a6 4. Ba4 d6 5.
O-O Bd7 6. c3 Nf6 7. Re1 Be7 8. d4 exd4 9. cxd4 b5 10. Bc2 O-O (10... Bg4 11.
Be3 (11. Bg5 Bxf3 12. gxf3 h6 13. Be3 Qd7 14. Nc3 g5 15. Qe2 g4 16. f4 O-O-O
17. a4 Nb4 18. axb5 axb5 19. Nxb5 Nxc2 20. Ra8+ Kb7 21. Ra7+ Kc8 22. Qxc2 Ne8
23. Qa4 Qe6 24. Ra8+ Kb7 25. Qa6# {1-0 (25) Cornelissen,P-Ineke,J Hengelo 2004}
) 11... O-O 12. Nbd2 Nb4 13. Bb1 a5 14. a4 Rb8 15. h3 Bh5 16. Nf1 c6 17. Ng3
Re8 18. Nxh5 Nxh5 19. Bd2 c5 20. e5 d5 21. g4 Rb6 22. gxh5 Bh4 23. dxc5 Rb8 24.
Nxh4 Qxh4 25. Qg4 {Hargittai,S (2215)-Cocoranu,C Timisoara 1995 1-0 (34)}) 11.
e5 $146 (11. Bg5 Bg4 12. Be3 Nb4 13. Nbd2 c5 14. a3 Nxc2 15. Qxc2 Rc8 16. dxc5
dxc5 17. h3 Bd7 18. Nf1 c4 19. Ng3 Qc7 20. Nf5 Bxf5 21. exf5 Rfe8 22. Rad1 h6
23. g4 Nh7 24. Bd4 Ng5 25. Nxg5 Bxg5 {
Hlavacek,B (1608)-Krys,J (1626) Chrudim 2003 1/2-1/2 (32)}) 11... Nd5 12. Nc3
Be6 13. Qd3 g6 14. Nxd5 (14. a3 $142 Qd7 15. Ne4 dxe5 16. Nxe5 Nxe5 17. dxe5
$16) 14... Bxd5 $11 15. Bh6 Nb4 16. Qc3 Nxc2 17. Qxc2 Re8 18. Qd3 Bf8 19. Bxf8
Kxf8 20. b3 c5 (20... Kg7 21. Rad1 $11) 21. dxc5 $14 dxc5 22. Rad1 Bxf3 23.
Qxf3 Qc7 (23... Qe7 24. h4 Rad8 25. Rxd8 Rxd8 26. e6 $11) 24. e6 Rad8 $4 (24...
Kg8 $142 $16) 25. Rxd8 $18 (25. Rxd8 Rxd8 26. Qf6 $18) 1-0

[Event "Tornado"]
[Site "?"]
[Date "1972.03.12"]
[Round "2"]
[White "Sloan, C."]
[Black "Bailey, B."]
[Result "1-0"]
[WhiteElo "2023"]
[BlackElo "1859"]
[Annotator "Stockfish 14 (15s)"]
[PlyCount "123"]
[EventDate "1972.??.??"]

{B07: Pirc Defence: Miscellaneous Systems} 1. e4 e5 2. Nc3 Nf6 3. f4 d6 4. Nf3
Nbd7 5. d4 Qe7 (5... exf4 6. Bxf4 Be7 7. Bd3 Nh5 8. Be3 Ndf6 9. Qd2 c6 10.
O-O-O h6 11. h3 Ng3 12. Rhe1 Qc7 13. Bg1 d5 14. exd5 O-O 15. Bh2 Bd6 16. Ne5
Nf5 17. dxc6 bxc6 18. Ne4 Nxe4 19. Bxe4 f6 20. Bxc6 {
Tseitlin,M (2430)-Bartosik,P (2230) Berlin 1993 1-0 (31)}) 6. fxe5 (6. Bd3 exd4
7. Nxd4 Nc5 8. O-O Ne6 9. Nxe6 Bxe6 10. f5 Bc8 11. Bg5 Qd7 12. Bxf6 gxf6 13.
Qg4 c6 14. a4 Bh6 15. Rf3 Qe7 16. Rd1 Bg5 17. Bc4 h5 18. Qg3 Qe5 19. Qf2 h4 20.
Rfd3 Bf4 {Lucas,P (1592)-Tout,D (1400) Exmouth 2005 1/2-1/2 (33)}) 6... dxe5 7.
Bg5 c6 8. Bc4 $146 (8. Qd2 h6 9. Bxf6 Qxf6 10. O-O-O exd4 11. Nxd4 Qg5 12. Bc4
Ne5 13. Be2 Be7 14. h4 Qxd2+ 15. Rxd2 Bb4 16. Nf3 Bxc3 17. bxc3 Nxf3 18. gxf3
Be6 19. Rhd1 Ke7 20. f4 Rad8 21. c4 Rxd2 22. Rxd2 Rd8 {
Burg,T (2050)-Dehn,M (2137) Goch 2002 0-1 (46)}) 8... h6 9. Bh4 g5 $2 (9... Qb4
$142 10. Bb3 exd4 $14) 10. Bg3 $18 exd4 (10... Ng4 11. Qe2 Bg7 12. O-O-O $18)
11. Qxd4 Qc5 12. Qd3 g4 $4 (12... Nh5 13. Bf2 Nf4 14. Qf1 (14. Bxc5 $6 Nxd3+
15. cxd3 Nxc5 $11) 14... Nxg2+ 15. Qxg2 Qxc4 16. O-O-O $18) 13. Nd4 (13. O-O-O
$142 gxf3 14. e5 $18) 13... Ne5 14. Bxe5 Qxe5 15. O-O-O Bd7 $2 (15... Be7 16.
Rhf1 Be6 17. Bxe6 fxe6 18. Qc4 $16) 16. Nf5 $4 (16. Rhf1 $142 Bb4 17. Nxc6 Bxc6
18. Rf5 Bxc3 19. bxc3 $18 (19. Rxe5+ Bxe5 20. Qe3 Nd7 $17)) 16... O-O-O $16 17.
Kb1 (17. Rhf1 $142 $5 $16) 17... Bb4 $11 18. Nd6+ (18. Bxf7 $4 Bxf5 19. Qc4
Bxc3 20. exf5 Bxb2 21. Qe6+ Kb8 $19) 18... Bxd6 19. Qxd6 Qxd6 20. Rxd6 Ne8 21.
Rd3 Be6 22. Bxe6+ fxe6 23. Rf1 Rxd3 24. cxd3 Nd6 25. Rf6 Kd7 26. e5 Nf5 27.
Rf7+ (27. Ne4 $5 b6 28. Rf7+ Kc8 29. Rxa7 $16) 27... Kc8 $14 28. Ne4 Rd8 29.
Kc2 (29. Nc5 Ne3 30. Nxe6 $14 (30. Rxb7 $143 Rd5 31. Rb3 Rxc5 $17)) 29... Rd7
$4 (29... Rd5 $142 $11) 30. Rxd7 $18 Kxd7 31. Nf6+ Ke7 (31... Kc7 32. Nxg4 c5
33. Kd2 $18) 32. Nxg4 h5 (32... c5 33. Kc3 b6 34. Kc4 $18) 33. Nf6 Ne3+ (33...
h4 34. Kc3 Ne3 $18) 34. Kd2 Nxg2 35. Nxh5 Nh4 36. Ke3 c5 37. Nf4 b5 (37... Nf5+
38. Ke4 $18) 38. Ke4 a6 (38... Kf7 39. Ne2 $18) 39. d4 cxd4 (39... c4 40. d5
exd5+ 41. Kxd5 $18) 40. Kxd4 Nf3+ 41. Kc5 Nxe5 42. Kb6 Nc4+ (42... Nf3 43. Kxa6
e5 44. Ne2 $18) 43. Kxa6 Nxb2 (43... e5 44. Ne2 b4 $18) 44. Kxb5 e5 45. Ne2 Kd6
46. a4 Nd3 47. a5 Nc5 48. a6 Nxa6 49. Kxa6 Kd5 50. h4 Ke4 51. h5 Kf5 52. Ng3+
Kg5 53. Kb5 e4 54. Kc4 Kh6 55. Kd4 Kg5 56. Ke5 (56. Kxe4 Kh6) 56... Kh6 $4 (
56... e3 $142 $11) 57. Kxe4 (57. Nxe4 $6 Kxh5 $11) 57... Kg5 58. Ke5 Kh6 59.
Kf6 Kh7 60. Nf5 Kg8 61. Kg6 Kh8 62. Nd6 1-0

[Event "Tornado"]
[Site "?"]
[Date "1972.03.12"]
[Round "3"]
[White "Bailey, B."]
[Black "Bjornson, D."]
[Result "1-0"]
[WhiteElo "1859"]
[BlackElo "1800"]
[Annotator "Stockfish 14 (15s)"]
[PlyCount "57"]
[EventDate "1972.??.??"]

{B70: Sicilian Dragon: 6 g3 and 6 Be2 (without a later Be3)} 1. e4 c5 2. Nf3 d6
3. d4 cxd4 4. Nxd4 Nf6 5. Nc3 g6 6. Be2 Bg7 7. Be3 O-O 8. Qd2 a6 9. O-O-O Bd7 (
9... b5 10. f4 b4 11. Nd5 Nxd5 12. exd5 a5 13. Bf3 Ba6 14. g4 Qc7 15. Kb1 Nd7
16. Nc6 Rfe8 17. h4 Bb7 18. g5 Bxc6 19. dxc6 Nf8 20. h5 a4 21. hxg6 fxg6 22.
Qd5+ Kh8 23. Bd4 e5 24. fxe5 {Odehnalova,L-Horejsi,R Klatovy 2003 1/2-1/2}) 10.
h4 (10. Bh6 Nc6 11. Nxc6 Bxc6 12. h4 Qa5 13. f3 Rfc8 14. Bxg7 Kxg7 15. h5 g5
16. h6+ Kf8 17. Bc4 Qe5 18. Bb3 b5 19. Nd5 Bxd5 20. exd5 Rc5 21. g4 Nd7 22. Kb1
a5 23. c3 a4 24. Bc2 Nf6 {
Glek,I (2620)-Short,N (2690) Wijk aan Zee 1997 0-1 (42)}) 10... b5 $146 (10...
h5 11. f3 Qc8 12. Rdg1 Nc6 13. Nxc6 Bxc6 14. Nd5 Bxd5 15. exd5 b5 16. g4 hxg4
17. fxg4 Ne4 18. Qd3 Nc5 19. Bxc5 Qxc5 20. h5 Qd4 21. Qxd4 Bxd4 22. Rg2 Be3+
23. Kb1 g5 24. Bd3 Kh8 25. Re2 {Stockton,T-Pratto,R Detroit 1992 1-0 (40)}) (
10... h5 $5 $16) 11. f3 b4 (11... Nc6 12. Nd5 Rc8 13. g4 Nxd5 14. exd5 Nxd4 15.
Bxd4 Bxd4 16. Qxd4 $16) 12. Nd5 Nxd5 13. exd5 Qa5 14. Kb1 (14. Bc4 $142 $5 Bb5
15. Bb3 Rc8 $18) 14... Qxd5 $16 15. Bh6 (15. f4 Bxd4 16. Bf3 Qa5 17. Bxa8 Bg7
$16) 15... Nc6 (15... Bxd4 16. Bxf8 Nc6 17. Bxe7 Bf5 $11) 16. Nxc6 $16 Qxc6 17.
h5 (17. Bxg7 $142 Kxg7 18. h5 $16) 17... Rfc8 $4 (17... Bf6 $142 18. hxg6 hxg6
$16) 18. Bxg7 $18 Bf5 (18... Kxg7 19. Bd3 Qc5 20. hxg6 hxg6 21. Be4 $18) 19.
Bd3 Bxd3 20. cxd3 (20. Qxd3 $6 Kxg7 21. Qd2 Qc5 $14) 20... Kxg7 21. hxg6 fxg6 (
21... h5 22. gxf7 Qd5 $18) 22. Qh6+ Kf6 23. Qf4+ (23. Qh4+ $5 Kf7 24. Rde1 e5
25. Qxh7+ Kf6 $18) 23... Ke6 24. Qg4+ Kf6 (24... Kd5 25. Qe4+ Kc5 26. Rc1+ Kb6
27. Rxc6+ Rxc6 28. Rxh7 $18) 25. Qh4+ g5 (25... Kf7 26. Rde1 Ra7 27. Qxh7+ Ke8
28. Qxg6+ Kd8 29. Rh8+ Kc7 30. Rxc8+ Kxc8 31. Qg8+ Kd7 $18) 26. Qh6+ Kf7 27.
Qxh7+ Ke8 28. Qg6+ (28. Rde1 Qc2+ 29. Ka1 Qd1+ 30. Rxd1 Kd7 31. Qf5+ Kc6 32.
Rc1+ Kb7 33. Qd7+ Kb6 34. Rxc8 Rxc8 35. Qxc8 b3 36. Rc1 g4 37. Rc6+ Ka5 38.
Qxa6+ Kb4 39. a3#) 28... Kd7 29. Qf5+ (29. Qf5+ Kd8 30. Rde1 $18) 1-0

[Event "Tornado"]
[Site "?"]
[Date "1972.03.12"]
[Round "4"]
[White "Love, J."]
[Black "Bailey, B."]
[Result "0-1"]
[WhiteElo "1555"]
[BlackElo "1859"]
[Annotator "Stockfish 14 (15s)"]
[PlyCount "70"]
[EventDate "1972.??.??"]

{A17: English Opening: 1...Nf6 with ...Bb4} 1. c4 Nf6 2. Nc3 e6 3. g3 d5 4.
cxd5 exd5 5. d4 c6 6. Nf3 Bf5 7. Bg2 Bd6 8. O-O Nbd7 9. Nh4 Bg6 10. Nxg6 (10.
Bg5 O-O 11. Bh3 Be7 12. Nf5 Bxf5 13. Bxf5 Ne4 14. Bf4 Ndf6 15. Qc2 Re8 16. f3
Nxc3 17. bxc3 c5 18. Rad1 cxd4 19. cxd4 Bd6 20. Bg5 h6 21. Bc1 Qb6 22. Kh1 Rad8
23. e4 dxe4 24. fxe4 Bf8 {
Emelianov,S (2265)-Maiorov,B (2293) Krasnodar 1999 0-1 (45)}) 10... hxg6 11. e4
(11. f3 Nh5 12. Qe1 Qf6 13. Qf2 g5 14. e4 Qh6 15. e5 Nf4 16. h4 Nd3 17. Bxg5
Nxf2 18. Bxh6 Rxh6 19. Rxf2 Bc7 20. Rd1 O-O-O 21. Bh3 Kb8 22. Bxd7 Rxd7 23. f4
Re7 24. Rh2 Kc8 25. g4 Kd7 {Shtompel,E-Stasenko,Y Evpatoria 2005 1-0 (50)})
11... dxe4 12. Bg5 $146 (12. Re1 O-O 13. Bg5 Qb6 14. Re2 Rae8 15. Nxe4 Nxe4 16.
Bxe4 Qb5 17. Bc1 Nf6 18. Bf3 Qf5 19. Rxe8 Rxe8 20. Be3 Nd5 21. Qe2 Nxe3 22.
fxe3 Qd7 23. Kg2 f5 24. a3 Kf7 25. Rc1 Kg8 26. Re1 Kh7 {
Holowach,W-Soto,D Buenos Aires 1939 1/2-1/2}) (12. Nxe4 Nxe4 13. Bxe4 Qc7 (
13... Nf6 14. Bg5 Be7 15. Re1 O-O 16. Bd3 Bb4 17. Re4 Qd5 18. Bxf6 gxf6 19. Rh4
Kg7 20. Be4 Qd6 21. d5 cxd5 22. Qxd5 f5 23. Bf3 Qxd5 24. Bxd5 Be7 25. Rc4 Rad8
26. Bxb7 Rd2 27. Rac1 Rb8 28. Bh1 {
Scholz,C (2240)-Lehmann,H (2105) Germany 1993 0-1 (38)}) 14. Qb3 Nf6 15. Re1
O-O-O 16. Bg5 Rh5 17. Bxf6 gxf6 18. Bf3 Rh7 19. d5 c5 20. Kg2 f5 21. Rh1 f4 22.
Rac1 g5 23. Qd3 Rdh8 24. b4 b6 25. bxc5 Bxc5 26. d6 Qd7 {
Ernst,L-Margraf,D Germany 1993 1-0}) 12... Qa5 13. Bd2 (13. h4 O-O $11) 13...
Qf5 14. Re1 {Now all is on e4} O-O-O 15. Rc1 (15. Qe2 Bc7 16. Rac1 Nb6 17. Nxe4
Rhe8 $11 (17... Rxd4 $143 18. Bc3 Rd7 19. h4 $14)) 15... Kb8 (15... Rxh2 16.
Qe2 Rdh8 17. Nxe4 Rxg2+ 18. Kxg2 Qh3+ 19. Kf3 Nxe4 20. Qxe4 $15) 16. Qc2 {
e4 draws heavy fire} (16. Nxe4 $5 Nxe4 17. Bxe4 $14 (17. Rxe4 Rxh2 18. Re3 Rdh8
$11)) 16... Ng4 (16... Rxh2 $1 17. Nxe4 Nxe4 18. Qxe4 Qxe4 19. Bxe4 Rhh8 $15)
17. Nxe4 $11 Ndf6 18. Be3 (18. Re2 $142 $5 Nxe4 19. Bxe4 $11) 18... Nxh2 $15
19. Ng5 Qd7 $4 (19... Rd7 $142 20. Qb3 Nd5 $15) 20. Qb3 $18 Nd5 21. Bxd5 (21.
Rxc6 $142 $1 Qxc6 22. Bxd5 $18) 21... cxd5 $19 22. Qxd5 Qg4 23. Qg2 (23. Qe4
Qxe4 24. Nxe4 Nf3+ 25. Kg2 Nxe1+ 26. Rxe1 Be7 $19) 23... f6 24. f3 (24. Bf4
Bxf4 25. Re7 Nf3+ 26. Nxf3 Bxc1 27. Rxb7+ Ka8 28. Rc7 $19) 24... Qxg3 (24...
Qf5 $142 25. g4 Qd5 $19) 25. Qxg3 Bxg3 26. Nf7 (26. Kg2 Bxe1 27. Bf4+ Ka8 $19)
26... Nxf3+ 27. Kg2 Bxe1 28. Bf4+ Ka8 29. Kxf3 Ba5 30. Nxd8 $2 (30. d5 $142 b5
31. Nxh8 Rxh8 32. Rc5 $19) 30... Rxd8 31. Bc7 (31. a4 b5 32. axb5 $19) 31...
Rc8 32. Bxa5 (32. Bf4 Rxc1 33. Bxc1 Kb8 $19) 32... Rxc1 33. Bc3 (33. Bb4 Kb8
$19) 33... Kb8 34. Ke4 (34. Bb4 Kc7 $19) 34... Kc7 35. Kd5 (35. Bb4 g5 $19)
35... Kd7 0-1